| 000 | 00808cam a2200181 i 4500 | ||
|---|---|---|---|
| 005 | 20251214101458.0 | ||
| 008 | 250721s1973 le gr 000 0 ara d | ||
| 082 | 1 | 4 |
_a216.53 _bا س ل |
| 111 | 2 |
_aالمؤتمر الاسلامي _cالرباط _d24-29 / كانون الاول 1971 |
|
| 245 | 1 | 0 |
_aالإسلام وتنظيم الأسرة : _bثبتُ كامل لأعمال المؤتمر الإسلامي / _cالدكتور عصام رشدي الناظر، الدكتور محمود يوسف زايد، الشيخ يوسف جمعة النجار. |
| 264 | 3 | 1 |
_aبيروت : _bالدار المتحدة للنشر، _c1973. |
| 300 | _a596 صفحة. | ||
| 650 | 1 | 7 | _aالاسرة |
| 650 | 1 | 7 | _aالاسلام. |
| 650 | 1 | 7 | _aالحقوق الاسرية. |
| 942 |
_2ddc _cBK |
||
| 999 |
_c129771 _d129771 |
||